000 01026nam a22001937a 4500
999 _c62875
_d62875
003 Ge_BSU
005 20250313171148.0
008 250313s1978 ge ||||| |||| 00| 0 geo d
041 _ageo
080 _a616.71-089(084.4) ყ-98
100 _aყუფარაძე, მ.
_924556
245 _aძვლებისა და სახსრების ზოგიერთი პათოლოგიის ოპერაციის ტექნიკა :
_b[ატლასი]. წ. 1, მენჯ-ბარძაყის, მუხლისა და კოჭ-წვივის სახსრები /
_cმ. ყუფარაძე.
264 _aთბილისი :
_bსაბჭ. საქართველო,
_c1978.
300 _a91 გვ. :
_bილ.;
_c34 სმ.
653 _aძვლის პათოლოგიის ოპერაციული ტექნიკა
653 _a ატლასები.
653 _aმედიცინა
942 _2udc
_cᲬᲘᲒᲜᲘ